00796nam a2200217 i 4500001000300000003000900003005001700012008003900029015001700068040003500085080001000120100004200130245009300172260005500265300002800320380001700348504003600365521003800401710004100439856009800480bgKOSZ 00520190722100437.0080411s1962 pl a f 001 0 pol aPB 1962/2647 aWA NcKOSZ 005/RWdKOSZ 005/RW a621.31 aDzierzbicki, Stanisławd(1910-1988).10aWysokonapięciowe aparaty łączeniowe :bzasady działania /cStanisław Dzierzbicki. aWarszawa :bWydawnictwa Naukowo-Techniczne,c1962. a338 s. :bil. ;c25 cm. aKsiążki. aBibliogr. s. [320]-334. Indeks.8 aDla inżynierów i studentów.2 aWydawnictwa Naukowo-Techniczne4pbl. uhttp://koha.tu.koszalin.pl/cgi-bin/koha/opac-detail.pl?biblionumber=10775yKatalog online BPK